000 00786nam a2200217 i 4500
001 41788
003 ES-MaACL
005 20230906160507.0
007 t|
008 030311s1945 sp ||||1| spa d
100 1 _aCastañeda, José.
_936405
245 1 3 _aEl consumo de tabaco en España y sus factores /
_cJosé Castañeda.
260 _aMadrid :
_bInstituto de Estudios Políticos,
_c1945.
300 _a116 p. :
_bil. ;
_c24 cm.
490 1 _aProblemas de la economía española ;
_v1
500 _aTrabajo publicado en la Revista de Economía Político (vol. I. nº2-abril-junio-1945)
710 2 _aInstituto de Estudios Políticos (Madrid)
_94924
830 0 _aProblemas de la economía española ;
_v1
_9229804
852 _aES-MaACL
_j1877-F-8
999 _c41788
_d41788